A fantasy of far Japan or summer dream dialogues

This scarce antiquarian book is a facsimile reprint of the original. Due to its age, it may contain imperfections such as marks, notations, marginalia and flawed pages. Because we believe this work is culturally important, we have made it available as part of our commitment for protecting, preservin...

Full description

Saved in:
Bibliographic Details
Main Author: Suematsu, Kenchō
Format: Book
Language:Undetermined
Published: London A. Constable 1905
Subjects:
Tags: Add Tag
No Tags, Be the first to tag this record!
Institutions: Trung tâm Học liệu Trường Đại học Cần Thơ
LEADER 00968nam a2200205Ia 4500
001 CTU_231786
008 210402s9999 xx 000 0 und d
082 |a 952 
082 |b S944 
100 |a Suematsu, Kenchō 
245 2 |a A fantasy of far Japan or summer dream dialogues 
245 0 |c Baron Suyematsu 
260 |a London 
260 |b A. Constable 
260 |c 1905 
520 |a This scarce antiquarian book is a facsimile reprint of the original. Due to its age, it may contain imperfections such as marks, notations, marginalia and flawed pages. Because we believe this work is culturally important, we have made it available as part of our commitment for protecting, preserving, and promoting the world's literature in affordable, high quality, modern editions that are true to the original work. 
650 |a Nhật Bản,Japan 
650 |x Văn minh,Civilization 
910 |b dqhieu 
980 |a Trung tâm Học liệu Trường Đại học Cần Thơ